000 01464nam a22003137a 4500
005 20180911143958.0
008 100519t xxu||||| |||| 00| 0 hin d
010 _aHIN-89361-62
020 _a8180310442
_c400.00
020 _a8180310450
_c400.00
035 _aHN-61707-708
035 _aB-416364-369 ,B-193852, B-193864
037 _bDBAD / PUB
037 _bलोकभारती प्रकाशन/ PUB
040 _aDPL
_bHN
082 _a
100 _aमेहता, नरेश
_918586
245 _aउत्तरकथा /
_cश्री नरेश मेहता
246 _aUttarkatha/
_bby Shree Naresh Mehata
250 _a3रा संस्क
260 _aइलाहाबाद
_bलोकभारती प्रकाशन
_c2005
270 _a15-ए, महात्मा गांधी मार्ग
_bइलाहाबाद
_e1
300 _a2भाग (514पृ.;532पृ)
_c22सेमी (सजिल्द)
500 _aदो भागों में प्रकाशित । मूल्य 400.00 (प्रति भाग)
650 _aहिन्दी लघु कथा
_918587
650 _aHindi Fiction
_918588
942 _2ddc
_cHN
_mमेहता
_h
999 _c36198
_d36198